Normal view
MARC view
- Teorías de la educación
Entry Materia
001 - NÚMERO DE CONTROL DEL REGISTRO
- campo de control: 5007
003 - IDENTIFICADOR DE NUMERO DE CONTROL
- campo de control: UPN
005 - FECHA Y HORA DE LA ÚLTIMA TRANSACCIÓN
- campo de control: 20241202085131.0
008 - DATOS DE LONGITUD FIJA
- campo de control de longitud fija: 241202n| acnnnbabn | ana |d
035 ## - NÚMERO DE CONTROL DEL SISTEMA
- Número de control del sistema: UPN10000005007
040 ## - FUENTE DE LA CATALOGACIÓN
- Centro catalogador de origen: MX-MxUPN
- Lengua de catalogación: spa
- Agencia de transcripción: MX-MxUPN
150 ## - ENCABEZAMIENTO - TEMÁTICO
- Término de materia o nombre geográfico como elemento inicial: Teorías de la educación
450 ## - VÉASE - MATERIA
- Encabezamiento temático: Teoría educativa
450 ## - VÉASE - MATERIA
- Encabezamiento temático: Teoría de la educación
670 ## - FUENTE EN LA QUE SE LOCALIZARON DATOS
- Cita de la fuente: C/P
902 ## - CATALOGADOR
- Catalogador: MEEG/260906
